00499nam a2200121Ia 4500082002000000245013700020260008200157300001700239504001400256650001800270650002300288710006600311 aRR 079.54 IND-; 0aPress in India 1982: twentysixth report of the registrar of newspapers for India under the press and registration of books act, 1867 aNew DelhibMinistry of information and broadcasting Government of Indiac1982 aviii, 1167p. aRef. book aPress - India aIndia - Newspapers aGovernment of India. Ministry of Information and Broadcasting